| 000 | 01686nam0a2200325 4500 | ||
|---|---|---|---|
| 001 | RU\NLR\bibl\58976 | ||
| 005 | 20260406214724.0 | ||
| 021 |
_aRU _b98-49681 _92392 |
||
| 035 | _a(NLR Aleph) 000057524 | ||
| 090 |
_a311712 _c311712 |
||
| 100 | _a19991116d1998 |||y0rusy50 ca | ||
| 101 | 0 | _arus | |
| 102 | _aRU | ||
| 105 | _ay ||||||||| | ||
| 200 | 1 |
_aПроблемы физиологии, биохимии и питания животных _eСб. науч. тр. _fМордов. гос. ун-т им. Н.П. Огарева, Аграр. ин-т _g[Гл. ред. чл.-кор. Рос. акад. естествознания, Засл. деятель науки РМ, проф. В.А. Кокорев] |
|
| 210 |
_aСаранск _cБ. и. _d1998 |
||
| 215 |
_a250 с. _d20 |
||
| 320 | _aБиблиогр. в конце ст. | ||
| 606 | 0 |
_aСельскохозяйственные животные _jСборники _xФизиология _91326459 _3RU\NLR\auth\66236096 |
|
| 606 | 0 |
_aСельскохозяйственные животные _jСборники _xБиохимия _91018724 _3RU\NLR\auth\6671236 |
|
| 606 | 0 |
_aСельскохозяйственные животные _jСборники _xКормление _91593727 _3RU\NLR\auth\66999376 |
|
| 686 | _aП527я43 | ||
| 702 | 1 |
_aКокорев _bВ. А. _4220 |
|
| 711 | 0 | 2 |
_aМордовский государственный университет им. Н. П. Огарева _cСаранск _bАграрный институт _3RU\NLR\AUTH\889972599 _9441685 |
| 801 | 0 |
_aRU _bNLR _c19991116 _gPSBO |
|
| 801 | 1 |
_aRU _bNLR _c19991116 |
|
| 852 |
_aNLR _j99-3/14451 |
||
| 942 | _cBOOK | ||
| 980 | _aNB | ||